00539 2200169 4500245007400000020001800074250001100092100002300103650001600126005001900142260002600161041001400187084000800201300002700209500012400236336000900360 aCemburu b : di Antara Sakura Padang SaljucHapsari HanggarinihText a602-220-087-3 aCet. 1 aHapsari Hanggarini aNovel Fiksi a20231005082430 aJakartabBukunec2013 aIndonesia a813 avi, 202 hlm. :c19 cm. ahiduplah seperti bunga sakura. meski singkat, bisa memberi kebahagiaan bagi orang lain- bahkan hanya dengan melihatnya. atext